Estadísticas para Rosco de Pasapalabra #18

Haz click aquí para intentar la prueba.

Estadísticas generales

  • Esta prueba ha sido intentada 151 veces
  • La puntuación promedio es 10 de 25

Estadísticas de respuestas

InicialDefiniciónRespuesta% Correcto
APersona que tripula una nave espacialAstronauta
94%
GParte de la medicina que trata del aparato reproductor femeninoGinecología
88%
LCosa, especialmente dinero, que se da a otro por caridadLimosna
78%
CConjunto de estudios, generalmente universitarios, que habilitan para el ejercicio de una profesiónCarrera
73%
BPerteneciente o relativo al toro o a la vacaBovino
64%
UComún o habitualUsual
63%
ESeguidor del Festival de la Canción de Eurovisión y de todo lo relacionado con élEurofan
61%
MCebada que, germinada artificialmente y tostada, se emplea en la fabricación de la cervezaMalta
61%
DMovimiento de dilatación del corazón y de las arterias, cuando la sangre penetra en su cavidadDiástole
49%
ZTercera persona del singular del futuro simple de indicativo del verbo zurcirZurcirá
47%
IOpuesto a la razón o ajeno a ellaIrracional
46%
NCada una de las figuras que forman parte de una falla valencianaNinot
43%
FCentrar o concentrar algo en un puntoFocalizar
42%
Contiene la ÑNatural del país africano con capital en LuandaAngoleño
36%
Contiene la QGrabación de prueba de uno o más temas musicalesMaqueta
36%
SEncargado de rondar de noche por las calles para velar por la seguridad del vecindarioSereno
35%
OOponer reparo a una opinión o designioObjetar
25%
Contiene la XSe dice de la palabra o del texto que es literalExacto
16%
RDispositivo instalado en las estaciones de esquí para transportar a los esquiadores a lo alto de las pistasRemonte
15%
VBolsa de cuero en que se transporta la correspondenciaValija
12%
JSombrero de ala ancha tejido con paja muy fina, que se fabrica en EcuadorJipijapa
8%
Contiene la YGuiso de carne y verduras del norte de África que se cocina en un recipiente con una cazuela y una tapa cónicaTayín
6%
HTítulo de la película de 1927, dirigida por Victor Fleming y protagonizada por Clara BowHula
2%
PPasto que se cría en un prado desde que se siega en verano hasta que se vuelve a dejar crecer para otra siegaPación
2%
TApellido del ingeniero que en 1641 creó un sistema de cambio de escenario para el Teatro Novissimo de VeneciaTorelli
1%

Distribución de puntuación

Porcentaje por número respondido

Porcentaje de gente con cada puntuación

Historial de tus puntuaciones

No has intentado esta prueba.